000 00995cab a22002055a 4500
001 L139876
008 070816e2007 xxk f 000 0 eng d
035 _a(Sirsi) u139876
041 0 _aeng
100 1 _aHughes, Oliver
245 0 0 _aAutomated valuation models
_bmaking an impact
260 _c2007
490 0 _aProperty Forecast
_v10(7) July 2007,7-8(2)
520 _aAutomated Valuation Models (AVMs) have huge implications for the business operation of the property investment industry. AVMs are set to replace protracted and expensive physical valuations or the less accurate indexation models. Article looks at the background to AVMs, how they work and their application on the residential property markets, especially for investors and managers of large residential property portfolios.
590 _aka
650 2 4 _aAUTOMATED VALUATION MODELS
651 4 _aUnited Kingdom
_y
690 _aPROPERTY-RESIDENTIAL PROPERTY-RESIDENTIAL PROPERTY APPRAISAL AND VALUATION
942 _n0
999 _c79118
_d79118